000 00495nam a22001697a 4500
003 BD-ChCU
005 20260504115333.0
008 260504b -uk ||||| |||| 00| 0 ben d
040 _cBD-ChCU
082 _222
_a330.19355 TIB
100 _aTHE TIMES, Comp.
_922302
245 _aBritish war production 1939-1945 ; a record /
_cTHE TIMES, Comp.
260 _aLond., :
_bPrinting House,
_c1945
300 _aviii,239p. :
_c22 cm
650 0 _aWar - Economic Aspects
_922303
942 _2ddc
_cBK
_n0
999 _c112629
_d112629